{"text_format":"3","workbook":"xlsx","n_sheets":1,"sheets":["матем на сайт"],"read":"whole","date_system":"1900"}

{"sheet":"матем на сайт","index":0,"n_rows":85,"n_cols":14,"rows_kept":85}
["Итоговый протокол муниципального этапа ВсОШ по предмету \"Математика\" в 2019-2020"]
["№ п/п","Муниципалитет","Полное наименование ОУ (по Уставу)","Фамилия","Класс","Пол","Балл","Апелляционный балл","Итоговый балл","Максимальный балл","Статус","ФИО педагога, подготовившего участника","Полное наименование ОУ (по Уставу)","Предмет"]
[28165,"Атнинский муниципальный район","Муниципальное бюджетное общеобразовательное учреждение  \"Кубянская средняя общеобразовательная школа\"","Халикова",4,"ж",32,null,32,100,"призёр","Гатауллина Гульназ Рахимановна","Муниципальное  бюджетное общеобразовательное учреждение \" Кубянская  средняя  общеобразовательная школа","Математика"]
[28166,"Атнинский муниципальный район","МБОУ \"Кунгерская СОШ\"","Галиева",4,"ж",30,null,30,100,"Участник","Валиуллина Фардия Рафисовна","МБОУ \"Кунгерская СОШ\"","Математика"]
[28167,"Атнинский муниципальный район","Муниципальное бюджетное общеобразовательное учреждение \"Берескинская средняя общеобразовательная школа\" Атнинского муниципального района Республики Татарстан","Вохидов",4,"м",10,null,10,100,"Участник","Давлетшина Надия Вафовна","Муниципальное бюджетное общеобразовательное учреждение \"Берескинская средняя общеобразовательная школа\" Атнинского муниципального района Республики Татарстан","Математика"]
[28168,"Атнинский муниципальный район","МБОУ \"Кушарская ООШ\"","Галиев",4,"м",20,null,20,100,"Участник","Хуснутдинова Гулия Камиловна","МБОУ \"Кушарская ООШ\"","Математика"]
[28169,"Атнинский муниципальный район","Муниципальное бюджетное общеобразовательное учреждение \"Большеатнинская средняя общеобразовательная школа\" Атнинского муниципального района Республики Татарстан","Зиятдинов",4,"м",40,null,40,100,"призёр","Исмагилова Фардия Ильгизовна","Муниципальное бюджетное общеобразовательное учреждение \"Большеатнинская средняя общеобразовательная школа\" Атнинского муниципального района Республики Татарстан","Математика"]
[28170,"Атнинский муниципальный район","Муниципальное бюджетное общеобразовательное учреждение \"Большеатнинская средняя общеобразовательная школа\" Атнинского муниципального района Республики Татарстан","Галимзянов",4,"м",25,null,25,100,"Участник","Исмагилова Фардия Ильгизовна","Муниципальное бюджетное общеобразовательное учреждение \"Большеатнинская средняя общеобразовательная школа\" Атнинского муниципального района Республики Татарстан","Математика"]
[28171,"Атнинский муниципальный район","Муниципальное бюджетное общеобразовательное учреждение \"Большеатнинская средняя общеобразовательная школа\" Атнинского муниципального района Республики Татарстан","Сабирзянов",4,"м",37,null,37,100,"призёр","Исмагилова Фардия Ильгизовна","Муниципальное бюджетное общеобразовательное учреждение \"Большеатнинская средняя общеобразовательная школа\" Атнинского муниципального района Республики Татарстан","Математика"]
[28172,"Атнинский муниципальный район","Муниципальное бюджетное общеобразовательное учреждение \"Большеатнинская средняя общеобразовательная школа\" Атнинского муниципального района Республики Татарстан","Бузунова",4,"ж",15,null,15,100,"Участник","Исхакова Гульнара Рифкатовна","Муниципальное бюджетное общеобразовательное учреждение \"Большеатнинская средняя общеобразовательная школа\" Атнинского муниципального района Республики Татарстан","Математика"]
[28173,"Атнинский муниципальный район","Муниципальное бюджетное общеобразовательное учреждение \"Большеатнинская средняя общеобразовательная школа\" Атнинского муниципального района Республики Татарстан","Ракипова",4,"ж",30,null,30,100,"Участник","Исхакова Гульнара Рифкатовна","Муниципальное бюджетное общеобразовательное учреждение \"Большеатнинская средняя общеобразовательная школа\" Атнинского муниципального района Республики Татарстан","Математика"]
[28174,"Атнинский муниципальный район","Муниципальное бюджетное общеобразовательное учреждение \"Коморгузинская средняя общеобразовательная школа имени Шигабутдина Марджани\" Атнинского муниципального района Республики Татарстан","Галимов",5,"м",10,null,10,100,"Участник","Гатауллин Фанис Талгатович","Муниципальное бюджетное общеобразовательное учреждение \"Коморгузинская средняя общеобразовательная школа имени Шигабутдина Марджани\" Атнинского муниципального района Республики Татарстан","Математика"]
[28175,"Атнинский муниципальный район","Муниципальное бюджетное общеобразовательное учреждение \"Коморгузинская средняя общеобразовательная школа имени Шигабутдина Марджани\" Атнинского муниципального района Республики Татарстан","Миннебаев",5,"м",10,null,10,100,"Участник","Гатауллин Фанис Талгатович","Муниципальное бюджетное общеобразовательное учреждение \"Коморгузинская средняя общеобразовательная школа имени Шигабутдина Марджани\" Атнинского муниципального района Республики Татарстан","Математика"]
[28176,"Атнинский муниципальный район","Муниципальное бюджетное общеобразовательное учреждение \"Коморгузинская средняя общеобразовательная школа имени Шигабутдина Марджани\" Атнинского муниципального района Республики Татарстан","Мухаметшина",5,"ж",15,null,15,100,"Участник","Гатауллин Фанис Талгатович","Муниципальное бюджетное общеобразовательное учреждение \"Коморгузинская средняя общеобразовательная школа имени Шигабутдина Марджани\" Атнинского муниципального района Республики Татарстан","Математика"]
[28177,"Атнинский муниципальный район","Муниципальное бюджетное общеобразовательное учреждение \"Коморгузинская средняя общеобразовательная школа имени Шигабутдина Марджани\" Атнинского муниципального района Республики Татарстан","Фахреев",5,"м",10,null,10,100,"Участник","Гатауллин Фанис Талгатович","Муниципальное бюджетное общеобразовательное учреждение \"Коморгузинская средняя общеобразовательная школа имени Шигабутдина Марджани\" Атнинского муниципального района Республики Татарстан","Математика"]
[28178,"Атнинский муниципальный район","Муниципальное бюджетное общеобразовательное учреждение  \"Кубянская средняя общеобразовательная школа\"","Хафизов",5,"м",15,null,15,100,"Участник","Хабибуллина Айсылу Мубаракзяновна","Муниципальное  бюджетное общеобразовательное учреждение \" Кубянская  средняя  общеобразовательная школа","Математика"]
[28179,"Атнинский муниципальный район","Муниципальное бюджетное общеобразовательное учреждение  \"Кубянская средняя общеобразовательная школа\"","Сафина",5,"ж",10,null,10,100,"Участник","Хабибуллина Айсылу Мубаракзяновна","Муниципальное  бюджетное общеобразовательное учреждение \" Кубянская  средняя  общеобразовательная школа","Математика"]
[28180,"Атнинский муниципальный район","МБОУ \"Кунгерская СОШ\"","Кадирова",5,"ж",15,null,15,100,"Участник","Ахатов Марат Габделбарович","МБОУ \"Кунгерская СОШ\"","Математика"]
[28181,"Атнинский муниципальный район","МБОУ \"Кунгерская СОШ\"","Шамсетдинов",5,"м",5,null,5,100,"Участник","Ахатов Марат Габделбарович","МБОУ \"Кунгерская СОШ\"","Математика"]
[28182,"Атнинский муниципальный район","Муниципальное бюджетное общеобразовательное учреждение \"Берескинская средняя общеобразовательная школа\" Атнинского муниципального района Республики Татарстан","Сибагатуллин",5,"м",15,null,15,100,"Участник","Хисматуллина Алиса Дамировна","Муниципальное бюджетное общеобразовательное учреждение \"Берескинская средняя общеобразовательная школа\" Атнинского муниципального района Республики Татарстан","Математика"]
[28183,"Атнинский муниципальный район","Муниципальное бюджетное общеобразовательное учреждение \"Новошашинская основная общеобразовательная школа\" Атнинского муниципального района Республики Татарстан","Шайхиева",5,"ж",5,null,5,100,"Участник","Гараева Гульфия Айтугановна","Муниципальное бюджетное общеобразовательное учреждение \"Новошашинская основная общеобразовательная школа\" Атнинского муниципального района Республики Татарстан","Математика"]
[28184,"Атнинский муниципальный район","Муниципальное бюджетное общеобразовательное учреждение \"Кулле - Киминская основная общеобразовательная школа имени Сибгата Хакима\" Атнинского муниципального района Республики Татарстан","Зарипов",5,"м",15,null,15,100,"Участник","Сафиуллин Алмаз Анасович","Муниципальное бюджетное общеобразовательное учреждение \"Кулле - Киминская основная общеобразовательная школа имени Сибгата Хакима\" Атнинского муниципального района Республики Татарстан","Математика"]
[28185,"Атнинский муниципальный район","Муниципальное бюджетное общеобразовательное учреждение \"Кулле - Киминская основная общеобразовательная школа имени Сибгата Хакима\" Атнинского муниципального района Республики Татарстан","Закиров",5,"м",20,null,20,100,"Участник","Сафиуллин Алмаз Анасович","Муниципальное бюджетное общеобразовательное учреждение \"Кулле - Киминская основная общеобразовательная школа имени Сибгата Хакима\" Атнинского муниципального района Республики Татарстан","Математика"]
[28186,"Атнинский муниципальный район","Муниципальное бюджетное общеобразовательное учреждение \"Кулле - Киминская основная общеобразовательная школа имени Сибгата Хакима\"Атнинского муниципального района Республики Татарстан","Хамитов",5,"м",10,null,10,100,"Участник","Сафиуллин Алмаз Анасович","Муниципальное бюджетное общеобразовательное учреждение \"Кулле - Киминская основная общеобразовательная школа имени Сибгата Хакима\" Атнинского муниципального района Республики Татарстан","Математика"]
[28187,"Атнинский муниципальный район","Муниципальное бюджетное общеобразовательное  учреждение  \"Большеменгерская основная общеобразовательная школа\" Атнинского муниципального района Республики Татарстан","Зиганшина",5,"ж",40,null,40,100,"призёр","Камалетдинова Алсу Галятдиновна","Муниципальное бюджетное общеобразовательное  учреждение  \"Большеменгерская основная общеобразовательная школа\" Атнинского муниципального района Республики Татарстан","Математика"]
[28188,"Атнинский муниципальный район","Муниципальное бюджетное общеобразовательное  учреждение  \"Большеменгерская основная общеобразовательная школа\" Атнинского муниципального района Республики Татарстан","Шакирова",5,"ж",15,null,15,100,"Участник","Камалетдинова Алсу Галятдиновна","Муниципальное бюджетное общеобразовательное  учреждение  \"Большеменгерская основная общеобразовательная школа\" Атнинского муниципального района Республики Татарстан","Математика"]
[28189,"Атнинский муниципальный район","Муниципальное бюджетное общеобразовательное учреждение \"Староузюмская основная общеобразовательная  школа\" Атнинского муниципального района  Республики Татарстан","Абдуллина",5,"ж",10,null,10,100,"Участник","Хайруллин Радик Надирович","Муниципальное бюджетное общеобразовательное учреждение \"Староузюмская основная общеобразовательная школа\" Атнинского муниципального района Республики Татарстан","Математика"]
[28190,"Атнинский муниципальный район","МБОУ \"Кушарская ООШ\"","Садретдинов",5,"м",25,null,25,100,"Участник","СибагатоваЭльмира Гаязовна","МБОУ \"Кушарская ООШ\"","Математика"]
[28191,"Атнинский муниципальный район","Муниципальное бюджетное общеобразовательное учреждение \"Большеатнинская средняя общеобразовательная школа\" Атнинского муниципального района Республики Татарстан","Хакимзянов",5,"м",10,null,10,100,"Участник","Гарипова Гульсу Акрамутдиновна","Муниципальное бюджетное общеобразовательное учреждение \"Большеатнинская средняя общеобразовательная школа\" Атнинского муниципального района Республики Татарстан","Математика"]
[28192,"Атнинский муниципальный район","Муниципальное бюджетное общеобразовательное учреждение \"Большеатнинская средняя общеобразовательная школа\" Атнинского муниципального района Республики Татарстан","Ялалдинов",5,"м",10,null,10,100,"Участник","Гарипова Гульсу Акрамутдиновна","Муниципальное бюджетное общеобразовательное учреждение \"Большеатнинская средняя общеобразовательная школа\" Атнинского муниципального района Республики Татарстан","Математика"]
[28193,"Атнинский муниципальный район","Муниципальное бюджетное общеобразовательное учреждение \"Большеатнинская средняя общеобразовательная школа\" Атнинского муниципального района Республики Татарстан","Баязитов",5,"м",10,null,10,100,"Участник","Мухарлямов Айнур Ильхамович","Муниципальное бюджетное общеобразовательное учреждение \"Большеатнинская средняя общеобразовательная школа\" Атнинского муниципального района Республики Татарстан","Математика"]
[28194,"Атнинский муниципальный район","Муниципальное бюджетное общеобразовательное учреждение \"Большеатнинская средняя общеобразовательная школа\" Атнинского муниципального района Республики Татарстан","Мифтахова",5,"ж",20,null,20,100,"Участник","Мухарлямов Айнур Ильхамович","Муниципальное бюджетное общеобразовательное учреждение \"Большеатнинская средняя общеобразовательная школа\" Атнинского муниципального района Республики Татарстан","Математика"]
[28195,"Атнинский муниципальный район","Муниципальное бюджетное общеобразовательное учреждение \"Большеатнинская средняя общеобразовательная школа\" Атнинского муниципального района Республики Татарстан","Сергеева",5,"ж",10,null,10,100,"Участник","Мухарлямов Айнур Ильхамович","Муниципальное бюджетное общеобразовательное учреждение \"Большеатнинская средняя общеобразовательная школа\" Атнинского муниципального района Республики Татарстан","Математика"]
[28196,"Атнинский муниципальный район","Муниципальное бюджетное общеобразовательное учреждение \"Большеатнинская средняя общеобразовательная школа\" Атнинского муниципального района Республики Татарстан","Шигапов",5,"м",30,null,30,100,"призёр","Мухарлямов Айнур Ильхамович","Муниципальное бюджетное общеобразовательное учреждение \"Большеатнинская средняя общеобразовательная школа\" Атнинского муниципального района Республики Татарстан","Математика"]
[28197,"Атнинский муниципальный район","Муниципальное бюджетное общеобразовательное учреждение  \"Кубянская средняя общеобразовательная школа\"","Ханафиев",6,"м",30,null,30,100,"Участник","Хакимзянова Нурания Идерисовна","Муниципальное  бюджетное общеобразовательное учреждение \" Кубянская  средняя  общеобразовательная школа","Математика"]
[28198,"Атнинский муниципальный район","МБОУ \"Кунгерская СОШ\"","Залалиев",6,"м",10,null,10,100,"Участник","Ахатов Марат Габделбарович","МБОУ \"Кунгерская СОШ\"","Математика"]
[28199,"Атнинский муниципальный район","Муниципальное бюджетное общеобразовательное учреждение \"Новошашинская основная общеобразовательная школа\" Атнинского муниципального района Республики Татарстан","Файзуллин",6,"м",20,null,20,100,"Участник","Гараева Гульфия Айтугановна","Муниципальное бюджетное общеобразовательное учреждение \"Новошашинская основная общеобразовательная школа\" Атнинского муниципального района Республики Татарстан","Математика"]
[28200,"Атнинский муниципальный район","Муниципальное бюджетное общеобразовательное учреждение \"Кулле - Киминская основная общеобразовательная школа имени Сибгата Хакима\" Атнинского муниципального района Республики Татарстан","Гиниятова",6,"ж",15,null,15,100,"Участник","Сафиуллин Алмаз Анасович","Муниципальное бюджетное общеобразовательное учреждение \"Кулле - Киминская основная общеобразовательная школа имени Сибгата Хакима\" Атнинского муниципального района Республики Татарстан","Математика"]
[28201,"Атнинский муниципальный район","Муниципальное бюджетное общеобразовательное учреждение \"Нижнекуюкская основная общеобразовательная школа\"","Юсупов",6,"м",20,null,20,100,"Участник","Мубаракшина Лилия Радиковна","Муниципальное бюджетное общеобразовательное учреждение \"Нижнекуюкская основная общеобразовательная школа\"","Математика"]
[28202,"Атнинский муниципальный район","Муниципальное бюджетное общеобразовательное  учреждение  \"Большеменгерская основная общеобразовательная школа\" Атнинского муниципального района Республики Татарстан","Якупова",6,"ж",25,null,25,100,"Участник","Камалетдинова Алсу Галятдиновна","Муниципальное бюджетное общеобразовательное  учреждение  \"Большеменгерская основная общеобразовательная школа\" Атнинского муниципального района Республики Татарстан","Математика"]
[28203,"Атнинский муниципальный район","Муниципальное бюджетное общеобразовательное учреждение \"Березинская основная общеобразовательная школа\" Атнинского муниципального района Республики Татарстан","Хайруллин",6,"м",50,null,50,100,"призёр","Шамсутдинова Альфия Наиловна","Муниципальное бюджетное общеобразовательное учреждение \"Березинская основная общеобразовательная школа\" Атнинского муниципального района Республики Татарстан","Математика"]
[28204,"Атнинский муниципальный район","Муниципальное бюджетное общеобразовательное учреждение \"Староузюмская основная общеобразовательная школа\" Атнинского муниципального района Республики Татарстан","Габдрахманов",6,"м",25,null,25,100,"Участник","Кашшапова Гульзида Гарифулловна","Муниципальное бюджетное общеобразовательное учреждение \"Староузюмская основная общеобразовательная школа\" Атнинского муниципального района Республики Татарстан","Математика"]
[28205,"Атнинский муниципальный район","МБОУ \"Кушарская ООШ\"","Аскаров",6,"м",40,null,40,100,"призёр","Мухаметгалиева Эльвира Наиловна","МБОУ \"Кушарская ООШ\"","Математика"]
[28206,"Атнинский муниципальный район","МБОУ \"Кушарская ООШ\"","Ибрагимова",6,"ж",15,null,15,100,"Участник","Мухаметгалиева Эльвира Наиловна","МБОУ \"Кушарская ООШ\"","Математика"]
[28207,"Атнинский муниципальный район","Муниципальное бюджетное общеобразовательное учреждение \"Большеатнинская средняя общеобразовательная школа\" Атнинского муниципального района Республики Татарстан","Латыпова",6,"ж",40,null,40,100,"призёр","Гарипова Гульсу Акрамутдиновна","Муниципальное бюджетное общеобразовательное учреждение \"Большеатнинская средняя общеобразовательная школа\" Атнинского муниципального района Республики Татарстан","Математика"]
[28208,"Атнинский муниципальный район","Муниципальное бюджетное общеобразовательное учреждение \"Большеатнинская средняя общеобразовательная школа\" Атнинского муниципального района Республики Татарстан","Хайрутдинов",6,"м",35,null,35,100,"Участник","Гарипова Гульсу Акрамутдиновна","Муниципальное бюджетное общеобразовательное учреждение \"Большеатнинская средняя общеобразовательная школа\" Атнинского муниципального района Республики Татарстан","Математика"]
[28209,"Атнинский муниципальный район","Муниципальное бюджетное общеобразовательное учреждение \"Большеатнинская средняя общеобразовательная школа\" Атнинского муниципального района Республики Татарстан","Каримов",6,"м",55,null,55,100,"победитель","Мухарлямов Айнур Ильхамович","Муниципальное бюджетное общеобразовательное учреждение \"Большеатнинская средняя общеобразовательная школа\" Атнинского муниципального района Республики Татарстан","Математика"]
[28210,"Атнинский муниципальный район","Муниципальное бюджетное общеобразовательное учреждение \"Большеатнинская средняя общеобразовательная школа\" Атнинского муниципального района Республики Татарстан","Мухамедзянова",6,"ж",25,null,25,100,"Участник","Мухарлямов Айнур Ильхамович","Муниципальное бюджетное общеобразовательное учреждение \"Большеатнинская средняя общеобразовательная школа\" Атнинского муниципального района Республики Татарстан","Математика"]
[28211,"Атнинский муниципальный район","Муниципальное бюджетное общеобразовательное учреждение \"Большеатнинская средняя общеобразовательная школа\" Атнинского муниципального района Республики Татарстан","Низамиев",6,"м",25,null,25,100,"Участник","Мухарлямов Айнур Ильхамович","Муниципальное бюджетное общеобразовательное учреждение \"Большеатнинская средняя общеобразовательная школа\" Атнинского муниципального района Республики Татарстан","Математика"]
[28212,"Атнинский муниципальный район","Муниципальное бюджетное общеобразовательное учреждение \"Коморгузинская средняя общеобразовательная школа имени Шигабутдина Марджани\" Атнинского муниципального района Республики Татарстан","Гафиятуллин",7,"м",30,null,30,100,"Участник","Гатауллин Фанис Талгатович","Муниципальное бюджетное общеобразовательное учреждение \"Коморгузинская средняя общеобразовательная школа имени Шигабутдина Марджани\" Атнинского муниципального района Республики Татарстан","Математика"]
[28213,"Атнинский муниципальный район","Муниципальное бюджетное общеобразовательное учреждение  \"Кубянская средняя общеобразовательная школа\"","Гараева",7,"ж",12,null,12,100,"Участник","Хакимзянова Нурания Идерисовна","Муниципальное  бюджетное общеобразовательное учреждение \" Кубянская  средняя  общеобразовательная школа","Математика"]
[28214,"Атнинский муниципальный район","МБОУ \"Кунгерская СОШ\"","Гарипова",7,"ж",32,null,32,100,"Участник","Ахметханова Гульзида Камилевна","МБОУ \"Кунгерская СОШ\"","Математика"]
[28215,"Атнинский муниципальный район","МБОУ \"Кунгерская СОШ\"","Хакимзянова",7,"ж",31,null,31,100,"Участник","Ахметханова Гульзида Камилевна","МБОУ \"Кунгерская СОШ\"","Математика"]
[28216,"Атнинский муниципальный район","Муниципальное бюджетное общеобразовательное учреждение \"Берескинская средняя общеобразовательная школа\" Атнинского муниципального района Республики Татарстан","Хисматуллин",7,"м",46,null,46,100,"призёр","Шарафиева Гульсина Талгатовна","Муниципальное бюджетное общеобразовательное учреждение \"Берескинская средняя общеобразовательная школа\" Атнинского муниципального района Республики Татарстан","Математика"]
[28217,"Атнинский муниципальный район","Муниципальное бюджетное общеобразовательное учреждение \"Кулле - Киминская основная общеобразовательная школа имени Сибгата Хакима\" Атнинского муниципального района Республики Татарстан","Гайнутдинов",7,"м",30,null,30,100,"Участник","Сафиуллин Алмаз Анасович","Муниципальное бюджетное общеобразовательное учреждение \"Кулле - Киминская основная общеобразовательная школа имени Сибгата Хакима\" Атнинского муниципального района Республики Татарстан","Математика"]
[28218,"Атнинский муниципальный район","Муниципальное бюджетное общеобразовательное учреждение \"Кулле - Киминская основная общеобразовательная школа имени Сибгата Хакима\" Атнинского муниципального района Республики Татарстан","Сабиров",7,"м",40,null,40,100,"Участник","Сафиуллин Алмаз Анасович","Муниципальное бюджетное общеобразовательное учреждение \"Кулле - Киминская основная общеобразовательная школа имени Сибгата Хакима\" Атнинского муниципального района Республики Татарстан","Математика"]
[28219,"Атнинский муниципальный район","Муниципальное бюджетное общеобразовательное учреждение \"Нижнекуюкская основная общеобразовательная школа\"","Гарифуллин",7,"м",33,null,33,100,"Участник","Хисматуллин Ильнур Рахимзянович","Муниципальное бюджетное общеобразовательное учреждение \"Нижнекуюкская основная общеобразовательная школа\"","Математика"]
[28220,"Атнинский муниципальный район","Муниципальное бюджетное общеобразовательное учреждение \"Большеатнинская средняя общеобразовательная школа\" Атнинского муниципального района Республики Татарстан","Бадиков",7,"м",63,null,63,100,"победитель","Файзуллина Наиля Камильевна","Муниципальное бюджетное общеобразовательное учреждение \"Большеатнинская средняя общеобразовательная школа\" Атнинского муниципального района Республики Татарстан","Математика"]
[28221,"Атнинский муниципальный район","Муниципальное бюджетное общеобразовательное учреждение \"Большеатнинская средняя общеобразовательная школа\" Атнинского муниципального района Республики Татарстан","Габидуллин",7,"м",53,null,53,100,"призёр","Файзуллина Наиля Камильевна","Муниципальное бюджетное общеобразовательное учреждение \"Большеатнинская средняя общеобразовательная школа\" Атнинского муниципального района Республики Татарстан","Математика"]
[28222,"Атнинский муниципальный район","Муниципальное бюджетное общеобразовательное учреждение \"Большеатнинская средняя общеобразовательная школа\" Атнинского муниципального района Республики Татарстан","Галаветдинов",7,"м",45,null,45,100,"Участник","Файзуллина Наиля Камильевна","Муниципальное бюджетное общеобразовательное учреждение \"Большеатнинская средняя общеобразовательная школа\" Атнинского муниципального района Республики Татарстан","Математика"]
[28223,"Атнинский муниципальный район","Муниципальное бюджетное общеобразовательное учреждение \"Большеатнинская средняя общеобразовательная школа\" Атнинского муниципального района Республики Татарстан","Хабибуллина",7,"ж",22,null,22,100,"Участник","Мухарлямов Айнур Ильхамович","Муниципальное бюджетное общеобразовательное учреждение \"Большеатнинская средняя общеобразовательная школа\" Атнинского муниципального района Республики Татарстан","Математика"]
[28224,"Атнинский муниципальный район","Муниципальное бюджетное общеобразовательное учреждение \"Коморгузинская средняя общеобразовательная школа имени Шигабутдина Марджани\" Атнинского муниципального района Республики Татарстан","Хайруллина",8,"ж",0,null,0,35,"участник","Шарафутдинова Раиса Зулфаровна","Муниципальное бюджетное общеобразовательное учреждение \"Коморгузинская средняя общеобразовательная школа имени Шигабутдина Марджани\" Атнинского муниципального района Республики Татарстан","Математика"]
[28225,"Атнинский муниципальный район","Муниципальное бюджетное общеобразовательное учреждение  \"Кубянская средняя общеобразовательная школа\"","Хафизов",8,"м",7,null,7,35,"Участник","Хабибуллина Айсылу Мубаракзяновна","Муниципальное  бюджетное общеобразовательное учреждение \" Кубянская  средняя  общеобразовательная школа","Математика"]
[28226,"Атнинский муниципальный район","МБОУ \"Кунгерская СОШ\"","Абдуллина",8,"ж",0,null,0,35,"участник","Ахметханова Гульзида Камилевна","МБОУ \"Кунгерская СОШ\"","Математика"]
[28227,"Атнинский муниципальный район","Муниципальное бюджетное общеобразовательное учреждение \"Берескинская средняя общеобразовательная школа\" Атнинского муниципального района Республики Татарстан","Сабирзянова",8,"ж",0,null,0,35,"участник","Гиззатуллина Раушания Гаделзяновна","Муниципальное бюджетное общеобразовательное учреждение \"Берескинская средняя общеобразовательная школа\" Атнинского муниципального района Республики Татарстан","Математика"]
[28228,"Атнинский муниципальный район","Муниципальное бюджетное общеобразовательное учреждение \"Новошашинская основная общеобразовательная школа\" Атнинского муниципального района Республики Татарстан","Зиннатуллин",8,"м",3,null,3,35,"Участник","Гараева Гульфия Айтугановна","Муниципальное бюджетное общеобразовательное учреждение \"Новошашинская основная общеобразовательная школа\" Атнинского муниципального района Республики Татарстан","Математика"]
[28229,"Атнинский муниципальный район","Муниципальное бюджетное общеобразовательное учреждение \"Новошашинская основная общеобразовательная школа\" Атнинского муниципального района Республики Татарстан","Усманова",8,"ж",0,null,0,35,"участник","Гараева Гульфия Айтугановна","Муниципальное бюджетное общеобразовательное учреждение \"Новошашинская основная общеобразовательная школа\" Атнинского муниципального района Республики Татарстан","Математика"]
[28230,"Атнинский муниципальный район","Муниципальное бюджетное общеобразовательное учреждение \"Кулле - Киминская основная общеобразовательная школа имени Сибгата Хакима\" Атнинского муниципального района Республики Татарстан","Сафина",8,"ж",0,null,0,35,"участник","Сафиуллин Алмаз Анасович","Муниципальное бюджетное общеобразовательное учреждение \"Кулле - Киминская основная общеобразовательная школа имени Сибгата Хакима\" Атнинского муниципального района Республики Татарстан","Математика"]
[28231,"Атнинский муниципальный район","Муниципальное бюджетное общеобразовательное  учреждение  \"Большеменгерская основная общеобразовательная школа\" Атнинского муниципального района Республики Татарстан","Фазлиева",8,"ж",6,null,6,35,"Участник","Хуснутдинов Раиль Габтрашидович","Муниципальное бюджетное общеобразовательное  учреждение  \"Большеменгерская основная общеобразовательная школа\" Атнинского муниципального района Республики Татарстан","Математика"]
[28232,"Атнинский муниципальный район","Муниципальное бюджетное общеобразовательное  учреждение  \"Большеменгерская основная общеобразовательная школа\" Атнинского муниципального района Республики Татарстан","Сафиуллин",8,"м",0,null,0,35,"участник","Хуснутдинов Раиль Габтрашидович","Муниципальное бюджетное общеобразовательное  учреждение  \"Большеменгерская основная общеобразовательная школа\" Атнинского муниципального района Республики Татарстан","Математика"]
[28233,"Атнинский муниципальный район","Муниципальное бюджетное общеобразовательное учреждение \"Большеатнинская средняя общеобразовательная школа\" Атнинского муниципального района Республики Татарстан","Хакимуллина",8,"ж",0,null,0,35,"участник","Файзуллина Наиля Камильевна","Муниципальное бюджетное общеобразовательное учреждение \"Большеатнинская средняя общеобразовательная школа\" Атнинского муниципального района Республики Татарстан","Математика"]
[28234,"Атнинский муниципальный район","Муниципальное бюджетное общеобразовательное учреждение \"Кулле - Киминская основная общеобразовательная школа имени Сибгата Хакима\" Атнинского муниципального района Республики Татарстан","Хамидуллин",9,"м",7,null,7,35,"участник","Галлямова Найля Газимовна","Муниципальное бюджетное общеобразовательное учреждение \"Кулле - Киминская основная общеобразовательная школа имени Сибгата Хакима\" Атнинского муниципального района Республики Татарстан","Математика"]
[28235,"Атнинский муниципальный район","Муниципальное бюджетное общеобразовательное учреждение \"Большеатнинская средняя общеобразовательная школа\" Атнинского муниципального района Республики Татарстан","Мухаметгалиев",9,"м",7,null,7,35,"участник","Мухарлямов Айнур Ильхамович","Муниципальное бюджетное общеобразовательное учреждение \"Большеатнинская средняя общеобразовательная школа\" Атнинского муниципального района Республики Татарстан","Математика"]
[28236,"Атнинский муниципальный район","Муниципальное бюджетное общеобразовательное учреждение \"Коморгузинская средняя общеобразовательная школа имени Шигабутдина Марджани\" Атнинского муниципального района Республики Татарстан","Хайруллин",10,"м",0,null,0,35,null,"Гатауллин Табрис Талгатович","Муниципальное бюджетное общеобразовательное учреждение \"Коморгузинская средняя общеобразовательная школа имени Шигабутдина Марджани\" Атнинского муниципального района Республики Татарстан","Математика"]
[28237,"Атнинский муниципальный район","Муниципальное бюджетное общеобразовательное учреждение  \"Кубянская средняя общеобразовательная школа\"","Хафизов",10,"м",6,null,6,35,"Участник","Хакимзянова Нурания Идерисовна","Муниципальное  бюджетное общеобразовательное учреждение \" Кубянская  средняя  общеобразовательная школа","Математика"]
[28238,"Атнинский муниципальный район","МБОУ \"Кунгерская СОШ\"","Султанов",10,"м",2,null,2,35,"Участник","Ахметханова Гульзида Камилевна","МБОУ \"Кунгерская СОШ\"","Математика"]
[28239,"Атнинский муниципальный район","Муниципальное бюджетное общеобразовательное учреждение \"Большеатнинская средняя общеобразовательная школа\" Атнинского муниципального района Республики Татарстан","Бадиков",10,"м",14,null,14,35,"призёр","Мухарлямов Айнур Ильхамович","Муниципальное бюджетное общеобразовательное учреждение \"Большеатнинская средняя общеобразовательная школа\" Атнинского муниципального района Республики Татарстан","Математика"]
[28240,"Атнинский муниципальный район","Муниципальное бюджетное общеобразовательное учреждение \"Большеатнинская средняя общеобразовательная школа\" Атнинского муниципального района Республики Татарстан","Гайфуллин",10,"м",8,null,8,35,"Участник","Мухарлямов Айнур Ильхамович","Муниципальное бюджетное общеобразовательное учреждение \"Большеатнинская средняя общеобразовательная школа\" Атнинского муниципального района Республики Татарстан","Математика"]
[28241,"Атнинский муниципальный район","Муниципальное бюджетное общеобразовательное учреждение \"Большеатнинская средняя общеобразовательная школа\" Атнинского муниципального района Республики Татарстан","Хакимзянов",10,"м",8,null,8,35,"Участник","Мухарлямов Айнур Ильхамович","Муниципальное бюджетное общеобразовательное учреждение \"Большеатнинская средняя общеобразовательная школа\" Атнинского муниципального района Республики Татарстан","Математика"]
[28242,"Атнинский муниципальный район","Муниципальное бюджетное общеобразовательное учреждение \"Большеатнинская средняя общеобразовательная школа\" Атнинского муниципального района Республики Татарстан","Хуснутдинов",10,"м",6,null,6,35,"Участник","Мухарлямов Айнур Ильхамович","Муниципальное бюджетное общеобразовательное учреждение \"Большеатнинская средняя общеобразовательная школа\" Атнинского муниципального района Республики Татарстан","Математика"]
[28243,"Атнинский муниципальный район","Муниципальное бюджетное общеобразовательное учреждение \"Большеатнинская средняя общеобразовательная школа\" Атнинского муниципального района Республики Татарстан","Шафигуллин",10,"м",10,null,10,35,"Участник","Мухарлямов Айнур Ильхамович","Муниципальное бюджетное общеобразовательное учреждение \"Большеатнинская средняя общеобразовательная школа\" Атнинского муниципального района Республики Татарстан","Математика"]
[28244,"Атнинский муниципальный район","Муниципальное бюджетное общеобразовательное учреждение  \"Кубянская средняя общеобразовательная школа\"","Василова",11,"ж",8,null,8,35,"участник","Хабибуллина Айсылу Мубаракзяновна","Муниципальное  бюджетное общеобразовательное учреждение \" Кубянская  средняя  общеобразовательная школа","Математика"]
[28245,"Атнинский муниципальный район","МБОУ \"Кунгерская СОШ\"","Халикова",11,"ж",9,null,9,35,"участник","Ахатов Марат Габделбарович","МБОУ \"Кунгерская СОШ\"","Математика"]
[28246,"Атнинский муниципальный район","Муниципальное бюджетное общеобразовательное учреждение \"Большеатнинская средняя общеобразовательная школа\" Атнинского муниципального района Республики Татарстан","Байрамов",11,"м",8,null,8,35,"участник","Гарипова Гульсу Акрамутдиновна","Муниципальное бюджетное общеобразовательное учреждение \"Большеатнинская средняя общеобразовательная школа\" Атнинского муниципального района Республики Татарстан","Математика"]
[28247,"Атнинский муниципальный район","Муниципальное бюджетное общеобразовательное учреждение \"Большеатнинская средняя общеобразовательная школа\" Атнинского муниципального района Республики Татарстан","Гатауллин",11,"м",5,null,5,35,"участник","Гарипова Гульсу Акрамутдиновна","Муниципальное бюджетное общеобразовательное учреждение \"Большеатнинская средняя общеобразовательная школа\" Атнинского муниципального района Республики Татарстан","Математика"]